|
|
|
|
| LEADER |
00819cam a2200229 7i4500 |
| 001 |
0000025431 |
| 005 |
20170802090000.0 |
| 008 |
090402 eng |
| 020 |
|
|
|a 9780521539111 (pbk.)
|
| 040 |
|
|
|a UiTM
|
| 090 |
0 |
0 |
|a PE1131
|b .N38 2004
|
| 100 |
1 |
|
|a Naterop, B. Jean
|
| 245 |
1 |
0 |
|a Telephoning in English
|c B. Jean Naterop, Rod Revell.
|
| 250 |
|
|
|a 3rd ed.
|
| 260 |
|
|
|a Cambridge:
|b Cambridge University,
|c 2004.
|
| 300 |
|
|
|a viii, 128 p.:
|b ill.;
|c 25 cm.
|
| 490 |
0 |
|
|a Cambridge professional English
|
| 650 |
0 |
0 |
|a English language --
|x Conversation and phrase books
|
| 700 |
1 |
|
|a Revell, Rod
|
| 997 |
|
|
|a Education & Social Sciences, Faculty
|b Education, Department
|
| 999 |
|
|
|a 0000001115
|b BOK
|c OPEN SHELF
|e 1st Floor, Bestari Jaya
|
| 999 |
|
|
|a 0000001116
|b BOK
|c OPEN SHELF
|e 1st Floor, Bestari Jaya
|